000 01283nam a2200349 a 4500
001 ELB68051
003 FlNmELB
006 m o d |
007 cr cn|||||||||
008 201212r2008 cl |||||s|||||||||||spa d
020 _z9789562846479
035 _a(MiAaPQ)EBC3204517
035 _a(Au-PeEL)EBL3204517
035 _a(CaPaEBR)ebr10625694
035 _a(OCoLC)1010681350
040 _aFlNmELB
_bspa
_cFlNmELB
050 4 _aF3285.J4
_bG623 2008
080 _a94(83)"19"
082 0 4 _a983.004924
_222
100 1 _aGoldschmidt Wyman, Eva.
245 1 0 _aHuyendo del infierno nazi
_h[recurso electronico] :
_bla inmigración judío-alemana hacia Chile en los años treinta /
_cEva Goldschmidt Wyman.
260 _aSantiago de Chile :
_bRIL editores,
_c2008.
300 _a298 p.
533 _aRecurso electrónico. Santa Fe, Arg.: e-libro, 2015. Disponible vía World Wide Web. El acceso puede estar limitado para las bibliotecas afiliadas a e-libro.
650 4 _aJudíos
_zChile
_xHistoria
_ySiglo 20.
650 4 _aHolocausto Judío (1939/1945)
650 0 _aJews
_zChile
_xHistory
_y20th century.
650 0 _aHolocaust, 1939-1945.
655 4 _aLibros electrónicos.
710 2 _ae-libro, Corp.
856 4 0 _uhttps://elibro.net/ereader/usam/68051
999 _c155064
_d155064